Discurso al Colegio Electoral de la Provincia de Arequipa dicho el 5 de mayo del presente año en la Santa Iglesia Catedral / (Record no. 22865)

000 -CABECERA
fixed length control field 00943nam a22002177i 4500
003 - IDENTIFICADOR DEL NÚMERO DE CONTROL
control field AR-CdUCM
008 - DATOS DE LONGITUD FIJA--INFORMACIÓN GENERAL
fixed length control field 240506b20172017 pe||||| |||| 00| 0 spa d
020 ## - NÚMERO INTERNACIONAL ESTÁNDAR DEL LIBRO
ISBN 978-612-4150-81-4
040 ## - FUENTE DE LA CATALOGACIÓN
Agencia/entidad que catalogó originalmente la obra MUNICIPALIDAD PROVINCIAL DEL CUSCO
Entidad que transcribió la catalogación BIBLIOTECA MUNICIPAL DEL CUSCO
082 ## - NÚMERO DE LA CLASIFICACIÓN DECIMAL DEWEY
No. de la edición 2a ed.
No. de Clasificación 985.05 / L98
Notacion interna L98
100 ## - ENTRADA PRINCIPAL--NOMBRE DE PERSONA
Nombre Personal De Luna Pizarro, Francisco Javier.
245 ## - MENCIÓN DE TÍTULO
Título Discurso al Colegio Electoral de la Provincia de Arequipa dicho el 5 de mayo del presente año en la Santa Iglesia Catedral /
260 ## - PUBLICACIÓN, DISTRIBUCIÓN, ETC.
Lugar de publicación, distribución, etc. Lima:
Nombre de la editorial, distribuidor, etc. Jurado Nacional de Elecciones, Fondo Editorial,
Fecha de publicación, distribución, etc. 2017.
300 ## - DESCRIPCIÓN FÍSICA
Nº de Páginas Extensión 56 páginas. :
Dimensiones 20 cm.
500 ## - NOTA GENERAL
Bibliografía Bibliografía: páginas 39 - 41
505 ## - NOTA DE CONTENIDO CON FORMATO
Nota de contenido formateada Luna Pizarro: El defensor del sufragio -- Discurso al Colejio Electoral de la provincia de Arequipa
650 ## - PUNTO DE ACCESO ADICIONAL DE MATERIA--TÉRMINO DE MATERIA
Descriptor Discurso al Colejio Electoral de la provincia de Arequipa
9 (RLIN) 49703
856 ## - LOCALIZACIÓN Y ACCESO ELECTRÓNICOS
Dirección electrónica www.jne.gob.pe
942 ## - ELEMENTOS DE PUNTO DE ACCESO ADICIONAL (KOHA)
Fuente de clasificación
Tipo de item Libros-BMC
945 ## - PROCESAMIENTO DE INFORMACIÓN LOCAL (OCLC)
Catalogador pbj
AAAA-MM-DD - Fecha de ingreso o modificacion 2024-05-06
Holdings
Estado de retiro (separado) Fuente de clasificación o esquema de estanterías Estado dañado Ubicación Sala donde se ubica Nombre de la colección Fecha de adquisición o compra Fuente de adquisición Costo, precio normal en soles Signatura topográfica Código de Barras Última vez visto (Koha) Tipo de ítem (Koha)
No     Sala Humanidades Sala Humanidades Book Cart 2024-05-06 Depósito Legal 10.00 985.05 / L98 SH0000016693 2024-05-06 Libros-BMC

Powered by Koha